Crisis social y sus manifestaciones en el agro guatemalteco /

Guardado en:
Bibliografiske detaljer
Hovedforfatter: Castañeda Mansilla, Elsa Josefina
Format: Tesis
Udgivet: s. l: s. e.
Tags: Tilføj Tag
Ingen Tags, Vær først til at tagge denne postø!

MARC

LEADER 00000 a a2200000 04500
001 24805
003
040 |a CRAI/IIS  |c CRAI/IIS 
090 |a 17482.00  
100 |a Castañeda Mansilla, Elsa Josefina  
245 |a Crisis social y sus manifestaciones en el agro guatemalteco /  |c Elsa Josefina Castañeda Mansilla 
260 |a s. l:   |b s. e.  
300 |a 175 p   |b mapáginas  
502 |a Tesis (Licenciado en Sociología) -- Universidad Autonoma de México, Facultad de Ciencias Políticas y Sociales, 1985  
999 |c 17971  |d 17971